Suétone, les écrivains de l'Histoire Auguste, Eutrope, Sextus Rufus (Record no. 165890)

MARC details
000 -LEADER
campo de control de longitud fija 01297nam a2200253 i 4500
001 - NÚMERO DE CONTROL
campo de control 165890
003 - IDENTIFICADOR DE NÚMERO DE CONTROL
campo de control ES-MaACL
005 - FECHA Y HORA DE LA ÚLTIMA TRANSACCIÓN
campo de control 20250815010359.0
008 - DATOS DE LONGITUD FIJA--INFORMACIÓN GENERAL
campo de control de longitud fija 960926s1855 fr |||| |cfre d
040 ## - FUENTE DE CATALOGACIÓN
Centro catalogador/agencia de origen CYL
Lengua de catalogación spa
Centro/agencia transcriptor CYL
245 00 - MENCIÓN DEL TÍTULO
Título Suétone, les écrivains de l'Histoire Auguste, Eutrope, Sextus Rufus
Resto del título : avec la traduction en français /
Mención de responsabilidad, etc. publiés sous la direction de M. Nisard.
260 ## - PUBLICACIÓN, DISTRIBUCIÓN, ETC.
Lugar de publicación, distribución, etc. Paris :
Nombre del editor, distribuidor, etc. Librairie de Firmin Didot Frères, Editeurs,
Fecha de publicación, distribución, etc. 1855.
300 ## - DESCRIPCIÓN FÍSICA
Extensión [6], VIII, 907 p. ;
Dimensiones 25 cm.
490 1# - MENCIÓN DE SERIE
Mención de serie Collection des auteurs latins avec la traduction en français / publiée sous la direction de M. Nisard
505 8# - NOTA DE CONTENIDO CON FORMATO
Nota de contenido con formato Contiene: ;
Título Les douze Césars /
Mención de responsabilidad Suétone. --
Título Les écrivains de l’Histoire Auguste /
Mención de responsabilidad Eutrope. --
Título Abrégé de l’ historie romaine /
Mención de responsabilidad Eutrope. --
Título Resume des victoires et des provinces du peuple romain /
Mención de responsabilidad Rufus
597 ## - NOTA DE DESCRIPCIÓN FÍSICA
NOTA DE DESCRIPCIÓN FÍSICA Texto paralelo francés-latín.
700 1# - ENTRADA AGREGADA--NOMBRE PERSONAL
Nombre de persona Suetonio Tranquilo, Cayo.
9 (RLIN) 108733
700 1# - ENTRADA AGREGADA--NOMBRE PERSONAL
Nombre de persona Eutropio, Flavio.
9 (RLIN) 126987
700 1# - ENTRADA AGREGADA--NOMBRE PERSONAL
Nombre de persona Sexto Rufo.
9 (RLIN) 132698
700 1# - ENTRADA AGREGADA--NOMBRE PERSONAL
Nombre de persona Nisard, Desiré,
Fechas asociadas al nombre 1806-1888
9 (RLIN) 130499
830 0# - PUNTO DE ACCESO ADICIONAL DE SERIE-TÍTULO UNIFORME
Título uniforme Collection des auteurs latins avec la traduction en français / publiée sous la direction de M. Nisard
9 (RLIN) 222502
852 ## - LOCALIZACIÓN
Ubicación ES-MaACL
Número de control de estantería B-2998
Nota libre - Enc. hol.
Holdings
Estatus retirado Estado de pérdida Estado de daño No para préstamo Colección Biblioteca de origen Biblioteca actual Ubicación en estantería Fecha de adquisición Fuente de adquisición Total de préstamos Signatura topográfica completa Código de barras Visto por última vez Precio de reemplazo Tipo de ítem Koha
        Libros del s. XIX Biblioteca del Ateneo de Madrid Biblioteca del Ateneo de Madrid Sala Pardo Bazán 17/01/2008     B-2998 1173971 23/02/2023 23/02/2023 Libro impreso antiguo